Vol. 48, № 27-39; L'Eclairage Electrique. Electriques - Mecaniques - Thermiques de L'Energie

Dettagli Bibliografici
Parent link:L'Eclairage Electrique. Electriques - Mecaniques - Thermiques de L'Energie: revue hebdomadaire des transformations. Vol. 48, № 27-39.— , 1894-1907
Lingua:francese
Pubblicazione: 1906
Natura: MixedMaterials Libro
KOHA link:https://koha.lib.tpu.ru/cgi-bin/koha/opac-detail.pl?biblionumber=540135

MARC

LEADER 00000nam2a2200000 4500
001 540135
005 20231101114516.0
035 |a (RuTPU)RU\TPU\prd\230031 
035 |a RU\TPU\prd\230027 
090 |a 540135 
100 |a 20150121b1906 k y0frey50 ba 
101 0 |a fre 
102 |a FR 
200 0 |a Vol. 48, № 27-39 
210 |d 1906 
461 1 |0 (RuTPU)RU\TPU\prd\211  |t L'Eclairage Electrique. Electriques - Mecaniques - Thermiques de L'Energie  |o revue hebdomadaire des transformations  |v Vol. 48, № 27-39  |d 1894-1907 
801 0 |a RU  |b 63413507  |c 20010227  |g PSBO 
801 1 |a RU  |b 63413507  |c 20150120 
801 2 |a RU  |b 63413507  |c 20150121  |g RCR 
942 |c BK 
999 |a НТБ_ТПУ  |b НФ  |e -4/20150112  |p П-132  |u 99,00  |v 1